[Event "Arco op-B 39th"]
[Site "Arco"]
[Date "2017.10.14"]
[Round "7"]
[White "Cerny, Gabriele"]
[Black "Di Cicco, Daniela"]
[Result "0-1"]
[WhiteElo "1062"]
[BlackElo "1262"]
[PlyCount "62"]
[EventDate "2017.10.08"]
[EventType "swiss"]
[EventRounds "8"]
[EventCountry "ITA"]
[SourceTitle "CBM 181 Extra"]
[Source "ChessBase"]
[SourceDate "2017.12.12"]
[SourceVersion "1"]
[SourceVersionDate "2017.12.12"]
[SourceQuality "1"]

1. e4 e6 2. d4 d5 3. Nd2 dxe4 4. Nxe4 Nd7 5. Nf3 h6 6. Bd3 Ngf6 7. Qe2 Be7 8. Bd2 Nxe4 9. Bxe4 Nf6 10. Bd3 0-0 11. 0-0-0 c6 12. Bc3 a5 13. Kb1 Bb4 14. Qd2 Bxc3 15. Qxc3 Nd5 16. Qd2 Nf6 17. Be2 b5 18. Ne5 Qb6 19. Bf3 Bd7 20. Nxd7 Nxd7 21. Rhe1 Nf6 22. Qd3 Rfd8 23. Qe3 a4 24. b3 axb3 25. axb3 Ra3 26. d5 Qa5 27. Qd4 cxd5 28. Qb2 Ra8 29. c3 Ra1+ 30. Kc2 Ra2 31. Ra1 Rxa1 0-1

[Event "Arco op-B 39th"]
[Site "Arco"]
[Date "2017.10.13"]
[Round "6"]
[White "Bodrogi, Lili"]
[Black "Cerny, Gabriele"]
[Result "0-1"]
[WhiteElo "1052"]
[BlackElo "1062"]
[PlyCount "52"]
[EventDate "2017.10.08"]
[EventType "swiss"]
[EventRounds "8"]
[EventCountry "ITA"]
[SourceTitle "CBM 181 Extra"]
[Source "ChessBase"]
[SourceDate "2017.12.12"]
[SourceVersion "1"]
[SourceVersionDate "2017.12.12"]
[SourceQuality "1"]

1. e4 c5 2. Nf3 d6 3. Nc3 Nf6 4. Bc4 e6 5. d3 Nc6 6. Bg5 Be7 7. Bf4 0-0 8. 0-0 Bd7 9. Ne2 e5 10. Be3 Qb6 11. Ng3 Be6 12. Bxe6 fxe6 13. Ng5 Nd8 14. f4 exf4 15. Rxf4 Qxb2 16. Rc1 e5 17. Rh4 h6 18. Ne6 Nxe6 19. Bxh6 gxh6 20. Nh5 Nh7 21. Qg4+ Nhg5 22. Nf6+ Rxf6 23. Rf1 Rf4 24. Qh5 Qd4+ 25. Rf2 Qxf2+ 26. Kh1 Qf1# 0-1